Las operaciones de la guerra italo-austriaca (Record no. 181017)

MARC details
000 -LEADER
campo de control de longitud fija 00473nam a2200145 i 4500
001 - NÚMERO DE CONTROL
campo de control 181017
003 - IDENTIFICADOR DE NÚMERO DE CONTROL
campo de control ES-MaACL
005 - FECHA Y HORA DE LA ÚLTIMA TRANSACCIÓN
campo de control 20230906221241.0
008 - DATOS DE LONGITUD FIJA--INFORMACIÓN GENERAL
campo de control de longitud fija 121002s1915 sp |||| | spa d
245 04 - MENCIÓN DEL TÍTULO
Título Las operaciones de la guerra italo-austriaca
Resto del título : mayo-diciembre 1915.
260 ## - PUBLICACIÓN, DISTRIBUCIÓN, ETC.
Lugar de publicación, distribución, etc. Madrid :
Nombre del editor, distribuidor, etc. [s.n.,
Fecha de publicación, distribución, etc. 1915?] (
Fabricante Artes gráficas Mateu)
300 ## - DESCRIPCIÓN FÍSICA
Extensión 7 p., [2] h. de map. col. ;
Dimensiones 25 cm.
650 04 - PUNTO DE ACCESO ADICIONAL DE MATERIA--TÉRMINO DE MATERIA
Término de materia o nombre geográfico como elemento de entrada Guerra mundial, 1914-1918.
9 (RLIN) 13212
852 ## - LOCALIZACIÓN
Ubicación ES-MaACL
Número de control de estantería 1522-F-19
Holdings
Estatus retirado Estado de pérdida Estado de daño No para préstamo Colección Biblioteca de origen Biblioteca actual Ubicación en estantería Fecha de adquisición Fuente de adquisición Total de préstamos Signatura topográfica completa Código de barras Visto por última vez Precio de reemplazo Tipo de ítem Koha
        Colección de folletos Biblioteca del Ateneo de Madrid Biblioteca del Ateneo de Madrid Depósito folletos 02/10/2012     1522-F-19 1190225 23/02/2023 23/02/2023 Folleto